000 00320nam a2200109Ia 4500
008 200302s9999 xx 000 0 und d
100 _aSarah E. Gergel & Others
245 _aLearning Landscape Ecology A Practical Guide to Concepts and Techniques
260 _bSpring Books Publishing
260 _c2002
300 _a316 P.,
999 _c1998
_d1998